01686nab a22003137a 4500999001500000003000400015005001700019008004100036040001100077100003100088245013000119260007300249300001500322500015400337505031000491505008900801650003000890650003200920650003300952650003000985650003501015650004301050650003501093650003301128650002701161651002001188773015101208942001301359 c5329d5329OSt20250221112410.0190603e xxum|||| |||| 00| 0 spa d cPJ-TDF 95415aFrustagli, Sandra A.10aUna aproximación a la responsabilidad civil de las plataformas en línea frente a los consumidores /cSandra A. Frustagli. cCiudad Autónoma de Buenos Aires :aThomson Reuters La Ley, b2024. ap. 100-112 aCita: TR LALEY AR/DOC/2067/2024. Publicado en: R.C.C. y C. 2024 (Septiembre-Octubre). EDICIÓN ESPECIAL: XXIX Jornadas Nacionales de Derecho Civil. aSumario: I. Introducción.— II. Prevención y reparación de daños al consumidor en la actual economía de plataformas.— III. Acerca de la responsabilidad civil de las plataformas de servicios de intermediación en línea frente a los consumidores: diversas situaciones.— IV. Conclusión.  t¿Te interesa el texto completo? Solicitalo al correo: koha@justierradelfuego.gov.ar 09286aCOMERCIO ELECTRONICO 091467aRESPONSABILIDAD CIVIL 092597aDEFENSA DEL CONSUMIDOR 094552aRELACION DE CONSUMO 093451aRESPONSABILIDAD OBJETIVA 095444aDEBER DE PREVENCIÓN DEL DAÑO 091497aCODIGO CIVIL Y COMERCIAL 093951aDEBER DE INFORMACIÓN 09234aDERECHO COMPARADO aUNIÓN EUROPEA0 0271393170dCiudad Autónoma de Buenos Aires : Thomson Reuters La Ley, 2015-tRevista Código Civil y Comercial. Nº 5 - Septiembre-Octubre 2024 2udccANA